Corporate Finance and Portfolio Management. (Record no. 5359)

MARC details
005 - DATE AND TIME OF LATEST TRANSACTION
control field 20250626133348.0
020 ## - INTERNATIONAL STANDARD BOOK NUMBER
International Standard Book Number 100558160204
082 ## - DEWEY DECIMAL CLASSIFICATION NUMBER
Classification number 332.076 COR
245 ## - TITLE STATEMENT
Title Corporate Finance and Portfolio Management.
250 ## - EDITION STATEMENT
Edition statement vol 4.
260 ## - PUBLICATION, DISTRIBUTION, ETC.
Place of publication, distribution, etc. New York
Name of publisher, distributor, etc. Person Education,
Date of publication, distribution, etc. 2010
300 ## - PHYSICAL DESCRIPTION
Extent xiii, 305p.
Other physical details Glossary
Dimensions 27cm.
942 ## - ADDED ENTRY ELEMENTS (KOHA)
Source of classification or shelving scheme Dewey Decimal Classification
Koha item type Books
Holdings
Date last seen Total checkouts Full call number Barcode Cost, replacement price Price effective from Koha item type Lost status Source of classification or shelving scheme Damaged status Not for loan Withdrawn status Home library Current library Shelving location Date acquired Source of acquisition Cost, normal purchase price
06/26/2025   332.076 COR DOM000676 45000.00 06/26/2025 Books   Dewey Decimal Classification       CBE Dodoma CBE Dodoma General Collection 07/12/2015 Library budget 15000.00
06/27/2025   658.152 COR DOM0001475 45000.00 06/27/2025 Books   Dewey Decimal Classification       CBE Dodoma CBE Dodoma General Collection 06/27/2015   15000.00